00425nam a2200157 a 4500008004100000020001500041050002000056100001700076245004400093250001200137260002600149300003400175350000900209650001200218650003700230070507s1994 ||||||||||||||||| || u a058231271X aTX 911.3.M3 Kno aKnowles, Tim10aHospitality management: an introduction a2nd ed. aHarlowbLongmanc1994 axii,310 pages : illustrations a0.00 aTOURISM aHOSPITALITY INDUSTRY--MANAGEMENT